[Event "16. Sparkassen Open 2017 - Gruppe B"]
[Site "Forchheim"]
[Date "2017.10.01"]
[Round "5.12"]
[White "Heppert, Lars"]
[Black "Adler, Herbert"]
[Result "1-0"]
[WhiteElo "1904"]
[BlackElo "1940"]
[PlyCount "67"]
[EventDate "2017.??.??"]
[WhiteTeam "SK Neuburg"]
[BlackTeam "SG Büchenbach/Roth"]

1. c4 Nf6 2. g3 e6 3. Bg2 d5 4. Nf3 c6 5. b3 Bd6 6. Bb2 Nbd7 7. d4 b6 8. O-O
Ba6 9. Nbd2 Rc8 10. Rc1 O-O 11. Re1 Ne4 12. Ne5 Nxd2 13. Qxd2 Bb7 14. e4 dxe4
15. Nxd7 Qxd7 16. Bxe4 Be7 17. Rcd1 Rfd8 18. Bb1 Bf6 19. Qc2 g6 20. d5 Bxb2 21.
dxe6 Qe7 22. exf7+ Qxf7 23. Rxd8+ Rxd8 24. Qxb2 c5 25. Qe2 Bf3 26. Qe3 Rd4 27.
Bd3 Kg7 28. Qe5+ Kh6 29. Bf1 g5 30. Bg2 Bxg2 31. Kxg2 Qb7+ 32. Kg1 Qf3 33. Qe6+
Kg7 34. Qe7+ 1-0

[Event "16. Sparkassen Open 2017 - Gruppe B"]
[Site "Forchheim"]
[Date "2017.10.01"]
[Round "5.18"]
[White "Fieberg, Christoph"]
[Black "Schulz, Horst"]
[Result "1-0"]
[WhiteElo "1840"]
[BlackElo "1761"]
[PlyCount "70"]
[EventDate "2017.??.??"]
[WhiteTeam "SG Porz"]
[BlackTeam "SC Höchstadt/Aisch"]

1. e4 d5 2. exd5 Nf6 3. d4 Nxd5 4. c4 Nf6 5. Nf3 e6 6. Be2 Be7 7. O-O O-O 8.
Nc3 Nbd7 9. Bg5 c5 10. Qc2 Qc7 11. Rfe1 a6 12. Rad1 cxd4 13. Nxd4 Nc5 14. b4
Ncd7 15. c5 Nb8 16. Bf3 Bd7 17. Ne4 Nc6 18. Nxc6 Bxc6 19. Nxf6+ gxf6 20. Bxc6
Qxc6 21. Bh6 Rfe8 22. Qc3 Kh8 23. Rd6 Qa4 24. Bg5 Kg7 25. Rb6 Rab8 26. a3 h6
27. Bh4 Rg8 28. Qf3 Qd7 29. Rf1 Qc8 30. Bg3 Bd8 31. Rd6 b6 32. Rc6 Qb7 33. Bxb8
Qxb8 34. Qg3+ Qxg3 35. hxg3 bxc5 1-0

[Event "16. Sparkassen Open 2017 - Gruppe B"]
[Site "Forchheim"]
[Date "2017.10.01"]
[Round "5.19"]
[White "Wachtel, Arthur"]
[Black "Zagrada, Halil"]
[Result "1-0"]
[WhiteElo "1863"]
[BlackElo "1597"]
[PlyCount "76"]
[EventDate "2017.??.??"]
[WhiteTeam "SK Freising"]
[BlackTeam "BSG Wöhrlhaus"]

1. e4 c6 2. Nf3 d5 3. exd5 cxd5 4. Ne5 Nf6 5. d4 a6 6. c3 Bf5 7. Nd2 e6 8. f4
Bd6 9. Be2 O-O 10. O-O Nc6 11. Ndf3 Ne4 12. Kh1 h5 13. Qe1 Be7 14. Nxc6 bxc6
15. Ne5 c5 16. Bxh5 cxd4 17. cxd4 Nf6 18. Bf3 g6 19. b3 Kg7 20. Bb2 Rh8 21. Nc6
Qd7 22. Nxe7 Qxe7 23. Qe5 Kh7 24. Rac1 Rac8 25. Qe1 Ne4 26. g4 Rxc1 27. Bxc1
Kg7 28. gxf5 exf5 29. Bxe4 dxe4 30. Be3 f6 31. Qf2 g5 32. fxg5 Rh3 33. Qxf5 Rf3
34. gxf6+ Qxf6 35. Qxf6+ Kxf6 36. Rxf3+ exf3 37. Kg1 Kf5 38. Kf2 Ke4 1-0

[Event "16. Sparkassen Open 2017 - Gruppe B"]
[Site "Forchheim"]
[Date "2017.10.01"]
[Round "5.32"]
[White "Gebhardt, Christian"]
[Black "Mantel, Hubert"]
[Result "1-0"]
[WhiteElo "1935"]
[BlackElo "1761"]
[PlyCount "65"]
[EventDate "2017.??.??"]
[WhiteTeam "SV Seubelsdorf"]
[BlackTeam "SC Noris-Tarrasch Nürnberg"]

1. e4 e6 2. d4 d5 3. Nd2 c5 4. Ngf3 Nc6 5. exd5 exd5 6. dxc5 Bxc5 7. Nb3 Bb6 8.
Be2 Nf6 9. O-O h6 10. Nbd4 O-O 11. c3 Bg4 12. Nxc6 bxc6 13. Nd4 Bxe2 14. Nxe2
Ng4 15. Nd4 Ne5 16. Bf4 Bxd4 17. cxd4 Ng6 18. Bg3 f5 19. f3 f4 20. Bf2 Qg5 21.
Rc1 Ne7 22. Re1 Nf5 23. Rxc6 Ne3 24. Bxe3 fxe3 25. Rc3 Rfe8 26. Qc1 Rab8 27. b3
Qf6 28. Rcxe3 Qxd4 29. Kf1 Rec8 30. Qd1 Qc5 31. Qd3 Rb4 32. Re7 Rd4 33. Qg6 1-0

[Event "16. Sparkassen Open 2017 - Gruppe B"]
[Site "Forchheim"]
[Date "2017.10.01"]
[Round "5.36"]
[White "Lehmann, Tornalf"]
[Black "Zirlik, Rudi"]
[Result "0-1"]
[WhiteElo "1630"]
[BlackElo "1844"]
[PlyCount "102"]
[EventDate "2017.??.??"]
[WhiteTeam "SC Heilsbronn"]
[BlackTeam "SV Unterkochen"]

1. e4 c5 2. d4 cxd4 3. c3 dxc3 4. Nxc3 g6 5. Nf3 Bg7 6. Bc4 e6 7. O-O Ne7 8.
Bf4 Bxc3 9. bxc3 d5 10. Qd4 O-O 11. Bh6 e5 12. Qxe5 f6 13. Bxd5+ Nxd5 14. Qxd5+
Qxd5 15. exd5 Rd8 16. c4 Bg4 17. Nd4 Kf7 18. f3 Bd7 19. h4 Na6 20. Rfe1 Rac8
21. d6 Re8 22. Rxe8 Rxe8 23. Nb5 Bxb5 24. cxb5 Nc5 25. Rd1 Nd7 26. Kf2 Re5 27.
a4 Rh5 28. Be3 Rxh4 29. Bxa7 Rxa4 30. b6 Rc4 31. Re1 Ne5 32. Rd1 Ke6 33. Bb8
Rc6 34. Re1 Kd7 35. Re3 Rxb6 36. Kg3 Nc6 37. Bc7 Rb5 38. f4 h6 39. Kf2 Rb4 40.
g3 f5 41. Kg2 Rb2+ 42. Kh3 b5 43. Ra3 b4 44. Ra8 b3 45. Rg8 Rh2+ 46. Kxh2 b2
47. Rg7+ Kc8 48. Bb6 b1=Q 49. d7+ Kb8 50. Rg8+ Kb7 51. Rb8+ Kxb8 0-1

[Event "16. Sparkassen Open 2017 - Gruppe C"]
[Site "Forchheim"]
[Date "2017.10.01"]
[Round "5.1"]
[White "Bardorz, Stefan"]
[Black "Knoll, Ernst"]
[Result "0-1"]
[WhiteElo "1531"]
[BlackElo "1497"]
[PlyCount "82"]
[EventDate "2017.??.??"]
[WhiteTeam "TSV Rottendorf"]
[BlackTeam "Schachtreff Röttenbach"]

1. c4 c5 2. g3 g6 3. Bg2 Nc6 4. Nf3 Bg7 5. O-O Nf6 6. Nc3 O-O 7. d3 a6 8. Rb1
Rb8 9. a3 d5 10. Bf4 Ra8 11. cxd5 Nd4 12. e4 Bg4 13. h3 Nxf3+ 14. Bxf3 Bxh3 15.
Bg2 Bg4 16. Bf3 Bh3 17. Bg2 Bg4 18. f3 Bd7 19. Kh2 Nh5 20. Be3 Qc7 21. f4 Nf6
22. Bh3 Rac8 23. e5 Ne8 24. e6 fxe6 25. dxe6 Bc6 26. Bxc5 b6 27. Be3 Nf6 28. f5
Nh5 29. Bf4 Be5 30. Ne2 Rfd8 31. fxg6 hxg6 32. Bxe5 Qxe5 33. Nf4 Nxf4 34. Rxf4
Rf8 35. Qg4 Kg7 36. Rxf8 Rxf8 37. d4 Rf2+ 38. Kg1 Qe3 39. d5 Rd2+ 40. Kh1 Bxd5+
41. Bg2 Bxg2+ 0-1

[Event "16. Sparkassen Open 2017 - Gruppe C"]
[Site "Forchheim"]
[Date "2017.10.01"]
[Round "5.2"]
[White "Gajewski, Richard"]
[Black "Floegel, Marco"]
[Result "0-1"]
[WhiteElo "1707"]
[BlackElo "1598"]
[PlyCount "52"]
[EventDate "2017.??.??"]
[WhiteTeam "Wolframs-Eschenbach"]
[BlackTeam "SK Herzogenaurach"]

1. c4 e5 2. g3 Nf6 3. Bg2 d5 4. cxd5 Nxd5 5. Nc3 c6 6. a3 Be6 7. Nf3 Bd6 8. O-O
O-O 9. d3 f5 10. Ng5 Qe7 11. Nxe6 Qxe6 12. Qb3 Nc7 13. Qxb7 Rf7 14. Bxc6 Nxc6
15. Qxc6 Raf8 16. Qc4 Qd7 17. f4 Re8 18. e4 Ne6 19. fxe5 Bc5+ 20. Kg2 fxe4 21.
Rxf7 Qxf7 22. Nxe4 Bd4 23. Bf4 Qh5 24. Re1 Kh8 25. Nd6 Nxf4+ 26. gxf4 Qg4+ 0-1

[Event "16. Sparkassen Open 2017 - Gruppe C"]
[Site "Forchheim"]
[Date "2017.10.01"]
[Round "5.3"]
[White "Albayrak, Atilla"]
[Black "Lorch, Stephan"]
[Result "0-1"]
[WhiteElo "1464"]
[BlackElo "1311"]
[PlyCount "134"]
[EventDate "2017.??.??"]
[WhiteTeam "Zabo-Eintracht Nürnberg"]
[BlackTeam "SF Heidelberg"]

1. d4 Nf6 2. Nf3 g6 3. Bg5 Bg7 4. e3 O-O 5. Nbd2 b6 6. Be2 Bb7 7. c3 c5 8. Qc2
d6 9. Bxf6 Bxf6 10. h4 cxd4 11. exd4 Nd7 12. h5 e5 13. hxg6 fxg6 14. O-O-O exd4
15. Qb3+ Kg7 16. cxd4 Rc8+ 17. Kb1 Re8 18. Bd3 Nf8 19. Rde1 Qd7 20. Bb5 Qf5+
21. Ka1 Bd5 22. Qd3 Qxd3 23. Bxd3 Ne6 24. Be4 Bxe4 25. Nxe4 Nxd4 26. Nxd4 Bxd4
27. Nxd6 Rxe1+ 28. Rxe1 Rc2 29. Nb5 Bf6 30. Nc3 Rxf2 31. Re2 Rf1+ 32. Nb1 a5
33. a4 Rf4 34. Nc3 Bxc3 35. bxc3 Rxa4+ 36. Kb2 Rg4 37. Kb3 h5 38. c4 Kf6 39.
Rc2 Ke5 40. Kc3 h4 41. Re2+ Re4 42. Rd2 Re3+ 43. Kc2 Rg3 44. Kb2 g5 45. Kc2 g4
46. Kb2 h3 47. gxh3 gxh3 48. Rd5+ Kf4 49. Rd6 h2 50. Rh6 Rg2+ 51. Ka3 Kg3 52.
Rg6+ Kf2 53. Rh6 Kg1 54. Ka4 h1=Q 55. Rxb6 Ra2+ 56. Kb5 Qh5+ 57. Ka6 Qc5 58.
Rg6+ Kf2 59. Rf6+ Ke3 60. Re6+ Kd3 61. Rh6 Qc8+ 62. Ka7 Rf2 63. Rd6+ Kc3 64.
Kb6 a4 65. c5 Rb2+ 66. Ka5 Qxc5+ 67. Kxa4 Qb4# 0-1

[Event "16. Sparkassen Open 2017 - Gruppe C"]
[Site "Forchheim"]
[Date "2017.10.01"]
[Round "5.4"]
[White "Schwitulla, Jochen"]
[Black "Friedel, Thomas"]
[Result "0-1"]
[WhiteElo "1075"]
[BlackElo "1582"]
[PlyCount "69"]
[EventDate "2017.??.??"]
[WhiteTeam "Aschaffenburg-Schweinheim"]
[BlackTeam "SV Groß-Gerau"]

1. c4 Nf6 2. Nc3 d5 3. d3 d4 4. Ne4 Nxe4 5. dxe4 c5 6. Nf3 Nc6 7. a3 e5 8. g3
Be6 9. Qd3 Bd6 10. Ng5 Bg4 11. Bh3 Bxh3 12. Nxh3 Qd7 13. Ng5 h6 14. Nf3 Qh3 15.
Ng1 Qe6 16. Bd2 O-O 17. Nf3 f5 18. O-O fxe4 19. Qxe4 Rf6 20. b3 Raf8 21. Qd5
Qxd5 22. cxd5 Ne7 23. a4 Nxd5 24. Nh4 e4 25. f4 exf3 26. exf3 Re6 27. f4 Re2
28. Rf2 Rfe8 29. Nf3 Nf6 30. Rc1 b6 31. Kf1 Rxf2+ 32. Kxf2 Ne4+ 33. Kg2 Nxd2
34. Re1 Rxe1 35. Nxe1 0-1

[Event "16. Sparkassen Open 2017 - Gruppe C"]
[Site "Forchheim"]
[Date "2017.10.01"]
[Round "5.5"]
[White "Schmucker, Jonas"]
[Black "Gehrke, Jakob"]
[Result "1-0"]
[WhiteElo "1515"]
[BlackElo "1349"]
[PlyCount "73"]
[EventDate "2017.??.??"]
[WhiteTeam "SC Noris-Tarrasch Nürnberg"]
[BlackTeam "TV Tegernsee"]

1. b3 e5 2. Bb2 Nc6 3. e4 Nf6 4. Nc3 Bc5 5. Bc4 d6 6. h3 Bd4 7. Nge2 Qe7 8. Nd5
Nxd5 9. Nxd4 exd4 10. Bxd5 Nb4 11. O-O Nxd5 12. exd5 O-O 13. Qf3 Qg5 14. Rfe1
Qxd2 15. Re2 Qg5 16. Bxd4 Bf5 17. c4 b6 18. Re3 Rfe8 19. Rae1 Rxe3 20. Rxe3 Bb1
21. Qe2 Kf8 22. Qb2 Bg6 23. Bxg7+ Kg8 24. Bh8 Qh6 25. h4 Kf8 26. Qf6 a5 27. h5
Kg8 28. hxg6 hxg6 29. Rh3 Qf8 30. Qh4 Qe8 31. Qh7+ Kf8 32. Qg7+ Ke7 33. Re3+
Kd7 34. Rxe8 Rxe8 35. Qxf7+ Kd8 36. Bf6+ Kc8 37. Qxe8+ 1-0

[Event "16. Sparkassen Open 2017 - Gruppe C"]
[Site "Forchheim"]
[Date "2017.10.01"]
[Round "5.6"]
[White "Kodalle, Dominik"]
[Black "Schäfer, Emanuel"]
[Result "1-0"]
[WhiteElo "1480"]
[BlackElo "1409"]
[PlyCount "48"]
[EventDate "2017.??.??"]
[WhiteTeam "Aschaffenburg-Schweinheim"]
[BlackTeam "SC Ansbach"]

1. c4 c5 2. Nc3 e6 3. g3 Nc6 4. Bg2 Nf6 5. e3 d5 6. cxd5 exd5 7. Nge2 Ne5 8. d4
cxd4 9. Nxd4 a6 10. Qc2 b5 11. b3 Bb4 12. Bb2 Qd7 13. O-O O-O 14. Rfd1 Bb7 15.
a3 Ba5 16. b4 Bb6 17. Nde2 Rfd8 18. Nxb5 Nc4 19. Bxf6 axb5 20. Bxd8 Rxd8 21.
Nd4 g6 22. h4 h5 23. Kh2 Ne5 24. Bh3 Ng4+ {Es geschah nun De2. Beide Spieler
sahen nicht das W im Schach stand. 5 Zuege später geschah Kg2. Eine Eingabe
ist nicht moeglich da das Programm unlogische Zuege verweigert-} 1-0

[Event "16. Sparkassen Open 2017 - Gruppe C"]
[Site "Forchheim"]
[Date "2017.10.01"]
[Round "5.8"]
[White "Hamscher, Markus"]
[Black "Pfann, Elias"]
[Result "0-1"]
[WhiteElo "1255"]
[BlackElo "1484"]
[PlyCount "29"]
[EventDate "2017.??.??"]
[WhiteTeam "SG Meiderich/Ruhrort"]
[BlackTeam "SC Höchstadt/Aisch"]

1. d4 Nf6 2. c4 e5 3. dxe5 Ng4 4. Nf3 Nc6 5. h3 Ngxe5 6. Nxe5 Nxe5 7. e4 Bc5 8.
Nd2 d6 9. Be2 O-O 10. Rb1 Qf6 11. Nf3 Re8 12. Bg5 Nxf3+ 13. Bxf3 Qxg5 14. Qd5
Qxd5 15. cxd5 0-1

[Event "16. Sparkassen Open 2017 - Gruppe C"]
[Site "Forchheim"]
[Date "2017.10.01"]
[Round "5.9"]
[White "Bardorz, Jana"]
[Black "Rodriguez Leged, Edgar Rafael"]
[Result "1-0"]
[WhiteElo "1542"]
[BlackElo "1345"]
[PlyCount "45"]
[EventDate "2017.??.??"]
[WhiteTeam "TSV Rottendorf"]
[BlackTeam "SG Siemens Erlangen"]

1. e4 e5 2. Nf3 Nc6 3. Nc3 Nf6 4. Bb5 Nd4 5. Ba4 Nxf3+ 6. Qxf3 Bc5 7. Qg3 O-O
8. Qxe5 Bd6 9. Qg5 Bb4 10. e5 Re8 11. O-O Bxc3 12. bxc3 Nd5 13. Qxd8 Rxd8 14.
Bb3 Nf4 15. Re1 Ne6 16. d4 c6 17. f4 d5 18. exd6 Rxd6 19. f5 Nf8 20. Re8 b5 21.
Ba3 Bb7 22. Rxa8 Bxa8 23. Bxd6 1-0

[Event "16. Sparkassen Open 2017 - Gruppe C"]
[Site "Forchheim"]
[Date "2017.10.01"]
[Round "5.10"]
[White "Walbrecht, Quirin"]
[Black "Schad, Gerhard"]
[Result "1/2-1/2"]
[WhiteElo "1278"]
[BlackElo "1683"]
[PlyCount "113"]
[EventDate "2017.??.??"]
[WhiteTeam "TV Tegernsee"]
[BlackTeam "SV Neustadt/Aisch"]

1. d4 Nf6 2. c4 e5 3. dxe5 Ng4 4. Nf3 Bc5 5. e3 Nc6 6. Nc3 Ngxe5 7. Nd4 O-O 8.
Be2 d6 9. O-O Be6 10. Nxe6 fxe6 11. Na4 Bb6 12. Nxb6 axb6 13. e4 Ng6 14. Bh5
Nf4 15. Bg4 e5 16. g3 Ng6 17. h4 Nge7 18. h5 h6 19. Bh3 Kh7 20. Be3 Qe8 21. Kh1
Qf7 22. b3 Nd4 23. f4 Qe8 24. g4 Ne6 25. f5 Nf4 26. Bxf4 exf4 27. Rxf4 Nc6 28.
Qe1 Qe5 29. Rf1 Nd4 30. Rf2 Rfe8 31. b4 Qg3 32. Rh2 Qxe1+ 33. Rxe1 Nf3 34. Rhe2
Nxe1 35. Rxe1 Rxa2 36. Bf1 Rb2 37. b5 Ra8 38. Re3 Ra1 39. Kg1 Rbb1 40. Rf3 Rc1
41. Kg2 Re1 42. Bd3 Rg1+ 43. Kh3 Ra2 44. Rf1 Rxf1 45. Bxf1 Rd2 46. Kg3 Kg8 47.
Kf3 Rc2 48. Ke3 Rc3+ 49. Bd3 Kf7 50. Kd4 Rc1 51. e5 dxe5+ 52. Kxe5 Re1+ 53. Be4
Ke7 54. Kf4 Rc1 55. Ke5 Rxc4 56. f6+ gxf6+ 57. Kf5 1/2-1/2

[Event "16. Sparkassen Open 2017 - Gruppe C"]
[Site "Forchheim"]
[Date "2017.10.01"]
[Round "5.11"]
[White "Albayrak, Nese Pinar"]
[Black "Wirtz-Stark, Jürgen"]
[Result "0-1"]
[WhiteElo "1351"]
[BlackElo "1452"]
[PlyCount "112"]
[EventDate "2017.??.??"]
[WhiteTeam "Zabo-Eintracht Nürnberg"]
[BlackTeam "SK Rothenburg"]

1. e4 e6 2. d4 d5 3. exd5 exd5 4. Nf3 Nf6 5. Bf4 Bd6 6. Be5 Qe7 7. Bd3 Bg4 8.
Nbd2 Nbd7 9. O-O O-O 10. Be2 Bxf3 11. Nxf3 c6 12. Bxd6 Qxd6 13. Re1 Rfe8 14.
Bd3 Re7 15. Rxe7 Qxe7 16. Qe1 Re8 17. Qa5 a6 18. Qc7 Nb8 19. Qxe7 Rxe7 20. Re1
Rxe1+ 21. Nxe1 g6 22. h3 h5 23. Nf3 Ne4 24. g4 hxg4 25. hxg4 Nd7 26. g5 f6 27.
Bxe4 dxe4 28. Nd2 f5 29. c4 Kf7 30. c5 Ke6 31. f4 exf3 32. Nxf3 Kd5 33. b3 Nf8
34. Kf2 Ke4 35. Ke2 Ne6 36. Nh4 Nxd4+ 37. Kf2 Ne6 38. Nxg6 Nxg5 39. Kg3 Ne6 40.
b4 f4+ 41. Kf2 Nd4 42. Ne7 Nc2 43. Nc8 Nxb4 44. a4 Nd3+ 45. Ke2 Nxc5 46. Nb6
f3+ 47. Kf2 Nd3+ 48. Kf1 f2 49. a5 Kd4 50. Nd7 c5 51. Nxc5 Kxc5 52. Ke2 Kb5 53.
Kxd3 f1=Q+ 54. Kc2 Qf3 55. Kd2 Kc4 56. Kc2 Qf2+ 0-1

[Event "16. Sparkassen Open 2017 - Gruppe C"]
[Site "Forchheim"]
[Date "2017.10.01"]
[Round "5.12"]
[White "Abhiraaj, Arora"]
[Black "Albayrak, Berrak"]
[Result "1-0"]
[WhiteElo "1330"]
[BlackElo "1562"]
[PlyCount "101"]
[EventDate "2017.??.??"]
[WhiteTeam "SC Erlangen"]
[BlackTeam "Zabo-Eintracht Nürnberg"]

1. e4 e5 2. Nf3 d6 3. d4 Nd7 4. dxe5 dxe5 5. Bb5 c6 6. Bc4 Ngf6 7. Nc3 h6 8.
Be3 Bb4 9. Bd2 O-O 10. O-O Re8 11. a3 Ba5 12. b4 b5 13. Bxf7+ Kxf7 14. bxa5
Qxa5 15. Nd5 Qd8 16. Ne3 Nxe4 17. Nf5 Ndf6 18. Ng3 Nxg3 19. fxg3 Bg4 20. Qe1 e4
21. Nh4 Kg8 22. h3 Be6 23. Rd1 Bd5 24. Bc3 Nd7 25. Nf5 Nf6 26. g4 Qb6+ 27. Bd4
Qc7 28. Ng3 Rf8 29. Nf5 Ne8 30. Qb4 Rf7 31. Bxg7 Rxg7 32. Nxh6+ Kh7 33. Qf8 Qe7
34. Qf5+ Rg6 35. Rxd5 cxd5 36. Qxd5 Kxh6 37. Qxa8 Nf6 38. Rf5 Qe8 39. g5+ Kh7
40. Qxa7+ Rg7 41. Qb6 Ng8 42. Qf2 Qh5 43. Rxb5 Rxg5 44. Qa7+ Kh6 45. Qb6+ Qg6
46. Qe3 Ne7 47. h4 Nf5 48. Qxg5+ Qxg5 49. hxg5+ Kxg5 50. a4 Kf4 51. Rxf5+ 1-0

[Event "16. Sparkassen Open 2017 - Gruppe C"]
[Site "Forchheim"]
[Date "2017.10.01"]
[Round "5.13"]
[White "Awiszus, Thomas"]
[Black "Steindl, Horst"]
[Result "1-0"]
[WhiteElo "1605"]
[BlackElo "1261"]
[PlyCount "81"]
[EventDate "2017.??.??"]
[WhiteTeam "SK Schmiden/Cannstatt"]
[BlackTeam "SW Nürnberg Süd"]

1. d4 c6 2. Nf3 Nf6 3. g3 d5 4. Bg2 g6 5. c4 Bg4 6. O-O Bxf3 7. Bxf3 e6 8. b3
Bg7 9. Ba3 Nbd7 10. Bb2 O-O 11. e3 Re8 12. Bg2 a6 13. c5 b5 14. cxb6 Nxb6 15.
Nd2 Nbd7 16. Rc1 Qc7 17. Rc2 Rec8 18. Qe2 Qb7 19. Rfc1 Rc7 20. e4 Rac8 21. e5
Ne8 22. Qe3 Nb8 23. Ba3 Bf8 24. Bxf8 Kxf8 25. Nf3 Re7 26. Qh6+ Kg8 27. Bh3 Qd7
28. Ng5 f6 29. exf6 Nxf6 30. Re2 Kh8 31. Rxe6 Ng8 32. Qh4 Rce8 33. Rxg6 Re1+
34. Rxe1 Rxe1+ 35. Kg2 Qe7 36. Be6 Rxe6 37. Rxe6 Qg7 38. Qf4 Nd7 39. Nf7+ Qxf7
40. Qxf7 Ndf6 41. Rxc6 1-0

[Event "16. Sparkassen Open 2017 - Gruppe C"]
[Site "Forchheim"]
[Date "2017.10.01"]
[Round "5.14"]
[White "Walter, Gabriele"]
[Black "Warschak, Siegfried"]
[Result "1-0"]
[WhiteElo "1590"]
[BlackElo "1578"]
[PlyCount "67"]
[EventDate "2017.??.??"]
[WhiteTeam "SV Lauf"]
[BlackTeam "SC Höchstadt/Aisch"]

1. c4 g6 2. g3 Bg7 3. Bg2 Nf6 4. Nc3 c5 5. e3 Nc6 6. Nge2 d6 7. O-O O-O 8. b3
a6 9. Bb2 Rb8 10. Qc2 e5 11. a3 Ne7 12. Rad1 Be6 13. d4 exd4 14. exd4 Qc8 15.
dxc5 dxc5 16. Ne4 Bf5 17. Bxf6 Bxf6 18. Nxf6+ Kg7 19. Qc3 Kh6 20. Qe3+ Kg7 21.
Qxe7 Be6 22. Ne4 Qe8 23. Qxe8 Rfxe8 24. Nxc5 Bg4 25. f3 Bf5 26. Nd4 Bc8 27. f4
b6 28. Ne4 f5 29. Nd6 Re3 30. Nxc8 Rxc8 31. Bb7 Rce8 32. Bxa6 Ra8 33. Bb7 Rxa3
34. Nc2 1-0

[Event "16. Sparkassen Open 2017 - Gruppe C"]
[Site "Forchheim"]
[Date "2017.10.01"]
[Round "5.15"]
[White "Merdian, Nick"]
[Black "Dresel, Martin"]
[Result "0-1"]
[WhiteElo "1275"]
[BlackElo "1640"]
[PlyCount "156"]
[EventDate "2017.??.??"]
[WhiteTeam "SC Postbauer-Heng"]
[BlackTeam "SC Erlangen"]

1. e4 c6 2. d4 d5 3. exd5 cxd5 4. Bd3 Nc6 5. c3 Nf6 6. Ne2 Bg4 7. h3 Bxe2 8.
Qxe2 e6 9. Bg5 Be7 10. O-O O-O 11. Nd2 Re8 12. Rfe1 Qc7 13. Rad1 Rad8 14. Qf3
Nd7 15. Bxe7 Rxe7 16. Qh5 Nf6 17. Qh4 Rde8 18. Re3 e5 19. dxe5 Nxe5 20. Rg3 Ng6
21. Bxg6 fxg6 22. Nf3 Re2 23. Qb4 Qe7 24. Qb3 Kf8 25. Rf1 b6 26. a4 Qc5 27. Qa2
Ne4 28. Qa3 Qxa3 29. bxa3 Nxg3 30. fxg3 Kg8 31. Rd1 Ra2 32. Rxd5 Rxa3 33. a5
Rxa5 34. Rd7 Ra1+ 35. Kh2 h6 36. h4 Ra2 37. Ng1 Rf8 38. Nh3 Rf7 39. Rd8+ Kh7
40. Nf4 Rc2 41. Rc8 Rd2 42. Kh3 Rdd7 43. Rc6 Rf6 44. Rc8 g5 45. Ne2 gxh4 46.
gxh4 Rff7 47. g3 Rc7 48. Rd8 Rfe7 49. Rd2 a5 50. Nf4 Red7 51. Nd5 Rxc3 52. Nf6+
gxf6 53. Rxd7+ Kg6 54. Kg4 Rc4+ 55. Kf3 a4 56. Ra7 b5 57. Ra5 Rb4 58. Kg2 h5
59. Kh3 Rb3 60. Ra8 a3 61. Ra5 b4 62. Ra4 Rb2 63. g4 Rb3+ 64. Kg2 hxg4 65. Kf2
Kh5 66. Ra8 Kxh4 67. Rh8+ Kg5 68. Rg8+ Kf4 69. Rd8 f5 70. Rd4+ Kg5 71. Kg2 a2
72. Rd1 Ra3 73. Ra1 b3 74. Kf2 b2 75. Re1 a1=Q 76. Rxa1 bxa1=Q 77. Ke2 Qb2+ 78.
Kd1 Ra1# 0-1

[Event "16. Sparkassen Open 2017 - Gruppe C"]
[Site "Forchheim"]
[Date "2017.10.01"]
[Round "5.16"]
[White "Gehrke, Korbinian"]
[Black "Adelhardt, Lisa"]
[Result "0-1"]
[WhiteElo "1258"]
[BlackElo "1289"]
[PlyCount "114"]
[EventDate "2017.??.??"]
[WhiteTeam "TV Tegernsee"]
[BlackTeam "Schachtreff Röttenbach"]

1. e4 e5 2. Nf3 Nc6 3. Nc3 Nf6 4. d4 exd4 5. Nxd4 Bb4 6. Nxc6 dxc6 7. Qxd8+
Kxd8 8. Bd3 Re8 9. f3 Nd5 10. Bd2 Nxc3 11. Bxc3 Bxc3+ 12. bxc3 Re5 13. O-O Rc5
14. Rfd1 Rxc3 15. Bc4+ Ke7 16. Bb3 Be6 17. Rd3 Rxd3 18. cxd3 Bxb3 19. axb3 a5
20. Kf2 Ke6 21. Ke3 b6 22. Kd4 Kd6 23. Ra3 c5+ 24. Kc4 Kc6 25. Ra2 Rd8 26. Kc3
Rd6 27. h3 Rg6 28. Kc4 b5+ 29. Kc3 b4+ 30. Kb2 Rxg2+ 31. Kb1 Rxa2 32. Kxa2 g5
33. Kb2 Kd6 34. Kc2 Ke5 35. Kd2 Kd4 36. Kc2 f6 37. Kd2 h5 38. Kc2 Ke3 39. Kd1
Kxd3 40. Kc1 c4 41. Kb2 cxb3 42. Kxb3 c5 43. e5 fxe5 44. f4 exf4 45. h4 c4+ 46.
Ka4 gxh4 47. Kb5 b3 48. Kc5 b2 49. Kd5 b1=Q 50. Ke5 Qb5+ 51. Kxf4 Qe8 52. Kg5
Qf7 53. Kxh4 Qg6 54. Kh3 Qg4+ 55. Kh2 Ke2 56. Kh1 Kf2 57. Kh2 Qg2# 0-1

[Event "16. Sparkassen Open 2017 - Gruppe C"]
[Site "Forchheim"]
[Date "2017.10.01"]
[Round "5.17"]
[White "Stark, Raphael"]
[Black "Levitskii, Philipp"]
[Result "1-0"]
[WhiteElo "1176"]
[BlackElo "1333"]
[PlyCount "61"]
[EventDate "2017.??.??"]
[WhiteTeam "SK Rothenburg"]
[BlackTeam "SGem Fürth"]

1. e4 g6 2. d4 Bg7 3. Nf3 d6 4. Nc3 Nf6 5. Bg5 Nbd7 6. Bc4 a6 7. Qd2 b5 8. Bb3
c5 9. Bd5 Nxd5 10. Nxd5 f6 11. Be3 O-O 12. O-O cxd4 13. Nxd4 Bb7 14. Ne6 Qc8
15. Nxe7+ Kf7 16. Nxc8 Rfxc8 17. Nxg7 Kxg7 18. Qxd6 Ne5 19. Qe7+ Nf7 20. Qxb7
Rcb8 21. Qd5 Rd8 22. Qb3 Ne5 23. Rfd1 Nc4 24. Rxd8 Rxd8 25. Qc3 Nxe3 26. Qxe3
Rf8 27. Rd1 f5 28. exf5 gxf5 29. Qg5+ Kf7 30. Rd7+ Ke6 31. Qe7# 1-0

[Event "16. Sparkassen Open 2017 - Gruppe C"]
[Site "Forchheim"]
[Date "2017.10.01"]
[Round "5.18"]
[White "Keck, Johannes"]
[Black "Meusel, Johannes"]
[Result "0-1"]
[WhiteElo "1083"]
[BlackElo "1332"]
[PlyCount "76"]
[EventDate "2017.??.??"]
[WhiteTeam "SV Lauf"]
[BlackTeam "ESV Gera"]

1. e4 e5 2. Nf3 Nc6 3. Bc4 Bc5 4. c3 Nf6 5. d3 O-O 6. Bb3 d6 7. O-O Bg4 8. Nbd2
Qe7 9. Re1 Rad8 10. Nf1 Kh8 11. Ng3 Ng8 12. h3 Be6 13. Bc2 f5 14. exf5 Bc8 15.
Nh2 Qf6 16. Ng4 Qf7 17. Qf3 Nge7 18. Be3 Bxe3 19. Rxe3 Nxf5 20. Nxf5 Qxf5 21.
Qxf5 Bxf5 22. Rd1 Rf7 23. d4 Bxc2 24. Rd2 exd4 25. cxd4 Bf5 26. Rde2 h6 27. d5
Nb4 28. Rd2 Bxg4 29. hxg4 c6 30. dxc6 Nxc6 31. Rb3 Ne5 32. f3 b6 33. Re3 Nc4
34. Rdd3 Nxe3 35. Rxe3 Rc8 36. Rd3 Rc1+ 37. Kf2 Rc2+ 38. Kg3 Rxb2 0-1

[Event "16. Sparkassen Open 2017 - Gruppe C"]
[Site "Forchheim"]
[Date "2017.10.01"]
[Round "5.19"]
[White "Thiele, Robert"]
[Black "Hoffmann, Steffen"]
[Result "0-1"]
[WhiteElo "1078"]
[BlackElo "1445"]
[PlyCount "98"]
[EventDate "2017.??.??"]
[WhiteTeam "SC Forchheim"]
[BlackTeam "SC Noris-Tarrasch Nürnberg"]

1. e4 Nc6 2. Nf3 d5 3. exd5 Qxd5 4. Nc3 Qd8 5. Bc4 Bf5 6. d3 a6 7. a3 e6 8. O-O
Be7 9. Re1 Nf6 10. h3 O-O 11. Ne2 b5 12. Ba2 Nd7 13. b4 Bf6 14. Rb1 Nce5 15.
Nf4 Re8 16. Rb3 c6 17. d4 Nxf3+ 18. Rxf3 Qb6 19. c3 Rad8 20. Be3 Qc7 21. Bb1
Bxb1 22. Qxb1 Nb6 23. Nh5 Be7 24. Bf4 Qc8 25. Nxg7 Kxg7 26. Rg3+ Kh8 27. Bh6
Rg8 28. Re5 Rxg3 29. fxg3 Rg8 30. Rh5 Rg6 31. Bf4 Nd5 32. Rh6 Nxf4 33. gxf4
Rxh6 34. Qe1 Bd6 35. Qe4 f5 36. Qf3 Qc7 37. g4 fxg4 38. hxg4 Rf6 39. f5 Bh2+
40. Kf1 Qf4 41. Qxf4 Bxf4 42. Kg2 exf5 43. gxf5 Rxf5 44. Kf3 Bd2+ 45. Ke4 Rf4+
46. Kd3 Bc1 47. c4 Bxa3 48. d5 bxc4+ 49. Kc3 cxd5 0-1

[Event "16. Sparkassen Open 2017 - Gruppe C"]
[Site "Forchheim"]
[Date "2017.10.01"]
[Round "5.20"]
[White "Sargsyan, Arusyak"]
[Black "Aigner, Patrick"]
[Result "1/2-1/2"]
[WhiteElo "1006"]
[BlackElo "1371"]
[PlyCount "62"]
[EventDate "2017.??.??"]
[WhiteTeam "SW Nürnberg Süd"]
[BlackTeam "Coburger SV"]

1. e4 e6 2. d4 d5 3. exd5 exd5 4. Nf3 Bg4 5. h3 Be6 6. Nc3 c6 7. Bf4 Bd6 8. Qd2
Bxf4 9. Qxf4 Qb6 10. Rb1 Na6 11. a3 Qc7 12. Qe3 c5 13. Bb5+ Kd8 14. Bxa6 bxa6
15. dxc5 Nf6 16. O-O h5 17. Ne5 Re8 18. Rfe1 Rc8 19. b4 Nd7 20. Nxd7 Qxd7 21.
Rbd1 Kc7 22. Rd4 Kc6 23. Rb1 Bf5 24. Qf3 Re5 25. Rbd1 Be6 26. Kh2 Qc7 27. g3
Rd8 28. R1d2 Rd7 29. Rh4 g6 30. Rf4 Bf5 31. Rfd4 Be6 1/2-1/2